| 000 | 01117nam a2200241 a 4500 | ||
|---|---|---|---|
| 005 | 20161118142351.0 | ||
| 008 | 161118s2014 ck ad|||r|||| 00| 0 spa d | ||
| 020 | _a9789588758923 | ||
| 040 |
_aCO-BoIAVH _cCO-BoIAVH |
||
| 041 | 0 | _aspa | |
| 044 | _ack | ||
| 090 |
_aFG- _b0087 |
||
| 245 | 0 | 0 |
_aIncorporación de la gestión de riesgos hidroclimáticos en el ordenamiento territorial municipal : _bUn camino seguro para la adaptación / _cIDEAM y PNUD |
| 260 |
_aBogotá, Colombia : _bIDEAM : _bPNUD, _c2014. |
||
| 300 |
_a12 páginas aproximadamente sin numerar : _binlustraciones a color y tablas ; _c23 x 23 cm. |
||
| 500 | _aPlan Regional Integral de Cambio Climático Región Capital Bogotá - Cundinamarca. | ||
| 650 | 2 | 6 |
_aAccidentes atmosféricos _zColombia |
| 650 | 2 | 6 |
_aGestión de riesgos _xplanes de acción _zColombia |
| 650 | 2 | 6 |
_aGestión de riesgos _xprevención de desastres _zColombia |
| 710 | 2 | _aInstituto de Hidrología, Meteorología y Estudios Ambientales | |
| 710 | 2 | _aPrograma de las Naciones Unidas para el Desarrollo (PNUD) | |
| 942 |
_2z _cFolleto |
||
| 999 |
_c19118. _d19118 |
||